[Event "CYCC U14 w"]
[Site "Hamilton CAN"]
[Date "2022.07.11"]
[Round "7.61"]
[White "Jiang, Hancy"]
[Black "Sreekumar, Gauri"]
[Result "1-0"]
[WhiteElo "1855"]
[BlackElo "1334"]
[PlyCount "51"]
[EventDate "2022.07.08"]
[EventType "swiss"]
[EventRounds "7"]
[EventCountry "CAN"]

1. d4 d5 2. Bf4 Nf6 3. e3 c5 4. c3 Nc6 5. Nf3 Qb6 6. Qc2 cxd4 7. exd4 Bf5 8.
Qb3 Na5 9. Qxb6 axb6 10. Nbd2 g6 11. h3 h5 12. Be2 Bh6 13. Bxh6 Rxh6 14. O-O
Ne4 15. Nxe4 Bxe4 16. Ne5 Nc6 17. Bb5 g5 18. Rfe1 Rd6 19. Nc4 dxc4 20. Rxe4 Rc8
21. Rae1 e6 22. Re5 f6 23. Rxe6+ Rxe6 24. Rxe6+ Kf7 25. Bxc4 Nxd4 26. Rc6+ 1-0

[Event "CYCC U14 w"]
[Site "Hamilton CAN"]
[Date "2022.07.11"]
[Round "7.62"]
[White "Zhong, April Yunwei"]
[Black "Yang, Lucy"]
[Result "1-0"]
[WhiteElo "1452"]
[BlackElo "1211"]
[PlyCount "153"]
[EventDate "2022.07.08"]
[EventType "swiss"]
[EventRounds "7"]
[EventCountry "CAN"]

1. d4 d5 2. c4 e6 3. Nc3 Nf6 4. e3 c5 5. cxd5 exd5 6. dxc5 Bxc5 7. Nf3 Nc6 8.
Be2 a6 9. O-O O-O 10. Qb3 b5 11. Rd1 Be6 12. Ng5 Qd7 13. Bf3 Rad8 14. Nxe6 fxe6
15. Ne2 Ne5 16. Nd4 Bxd4 17. Rxd4 Nxf3+ 18. gxf3 e5 19. Rd2 e4 20. f4 Qh3 21.
f3 exf3 22. Qd1 Ne4 23. Qf1 Qxf1+ 24. Kxf1 Nxd2+ 25. Bxd2 Rc8 26. Bc3 Rc4 27.
a3 Re8 28. Kf2 Rce4 29. Bd4 R4e6 30. Rc1 Rh6 31. Kxf3 Rxh2 32. Rc7 g6 33. Rc6
Ra8 34. Kg3 Rh5 35. Rd6 Rf5 36. Be5 Rf7 37. Rxd5 Rb7 38. Kg4 h6 39. Rd6 Kh7 40.
f5 gxf5+ 41. Kh5 Kg8 42. Kxh6 Rh7+ 43. Kg6 Rf7 44. Bf6 Re8 45. Kxf5 Rxe3 46.
Rxa6 Kh7 47. Kf4 Re2 48. Kg3 Re3+ 49. Kf2 Re8 50. Rb6 Ref8 51. Rxb5 Rxf6+ 52.
Ke3 Re6+ 53. Kd3 Rf3+ 54. Kc4 Rf2 55. a4 Rf4+ 56. Kd5 Ra6 57. b3 Rg6 58. Kc5
Rg5+ 59. Kb6 Rf6+ 60. Ka5 Rgg6 61. Rb7+ Kh6 62. b4 Rf5+ 63. Rb5 Rff6 64. Rb8
Rg5+ 65. Rb5 Rg7 66. Rd5 Rg5 67. Rxg5 Kxg5 68. b5 Rf5 69. Ka6 Rf4 70. a5 Rf6+
71. b6 Kf5 72. Ka7 Rf8 73. b7 Ke6 74. b8=Q Rxb8 75. Kxb8 Kd6 76. a6 Kc6 77. a7
1-0

[Event "CYCC U14 w"]
[Site "Hamilton CAN"]
[Date "2022.07.11"]
[Round "7.63"]
[White "Ruchinskaya, Valerie"]
[Black "Xu, Hannah"]
[Result "1-0"]
[WhiteElo "1612"]
[BlackElo "1295"]
[PlyCount "35"]
[EventDate "2022.07.08"]
[EventType "swiss"]
[EventRounds "7"]
[EventCountry "CAN"]

1. d4 Nf6 2. c4 g6 3. Nc3 Bg7 4. e4 d6 5. Be2 O-O 6. Be3 Nc6 7. d5 Ne5 8. f4
Ned7 9. g4 e5 10. f5 Kh8 11. h4 Ng8 12. Qd2 Re8 13. fxg6 fxg6 14. g5 Ne7 15. h5
Rg8 16. Bg4 Nb6 17. hxg6 Bf8 18. Rxh7# 1-0

[Event "CYCC U14 w"]
[Site "Hamilton CAN"]
[Date "2022.07.11"]
[Round "7.64"]
[White "Mok, Gillian"]
[Black "Li, Ruby"]
[Result "1-0"]
[WhiteElo "1735"]
[BlackElo "640"]
[PlyCount "53"]
[EventDate "2022.07.08"]
[EventType "swiss"]
[EventRounds "7"]
[EventCountry "CAN"]

1. e4 e5 2. Nf3 Nc6 3. Nc3 Nf6 4. Bb5 d6 5. d4 d5 6. Nxe5 Qd6 7. exd5 Nxd5 8.
Qf3 Be6 9. O-O Nxc3 10. Qxc3 Bd5 11. Bf4 a6 12. Nxc6 Qxf4 13. Rae1+ Be6 14. Ba4
Bd6 15. Ne5+ b5 16. Bb3 O-O 17. Bxe6 fxe6 18. Qh3 Rf6 19. c3 c5 20. g3 Qg5 21.
Qg2 Bxe5 22. Rxe5 Rf5 23. Qxa8+ Kf7 24. Qb7+ Kg8 25. Qc8+ Kf7 26. Qxe6+ Kf8 27.
Qe8# 1-0

[Event "CYCC U14 w"]
[Site "Hamilton CAN"]
[Date "2022.07.11"]
[Round "7.65"]
[White "Wang, Crystal"]
[Black "Semianiuk, Catherine"]
[Result "1-0"]
[WhiteElo "834"]
[BlackElo "842"]
[PlyCount "103"]
[EventDate "2022.07.08"]
[EventType "swiss"]
[EventRounds "7"]
[EventCountry "CAN"]

1. d4 e6 2. Nf3 d5 3. Bf4 Nf6 4. e3 c5 5. c3 Nc6 6. Bb5 Bd7 7. O-O Qb6 8. Bxc6
Bxc6 9. Qb3 Bb5 10. Re1 Be7 11. a4 Bd7 12. Nbd2 O-O 13. Qc2 c4 14. e4 Rfe8 15.
Ng5 h6 16. Ngf3 Nh5 17. Bg3 Qd8 18. exd5 exd5 19. b3 b5 20. Ne5 Qc7 21. axb5
Bxb5 22. bxc4 Bxc4 23. Nexc4 Nxg3 24. hxg3 dxc4 25. Ra4 Bg5 26. Rxe8+ Rxe8 27.
Rxc4 Qe7 28. Nf3 h5 29. Ra4 h4 30. g4 Bf4 31. Ra1 Qe6 32. Qf5 Qd6 33. Rxa7 Rf8
34. Nxh4 Qb8 35. Ra1 g6 36. Qd5 Kg7 37. g3 Bxg3 38. fxg3 Qxg3+ 39. Ng2 Rh8 40.
Qe5+ Qxe5 41. dxe5 Re8 42. Re1 Rc8 43. Re3 Kh6 44. Kf2 Rf8 45. Kg3 Kg7 46. Nf4
Re8 47. g5 Kf8 48. e6 Kg7 49. Kf3 Kg8 50. exf7+ Kxf7 51. Rxe8 Kxe8 52. Nxg6 1-0

[Event "CYCC U16"]
[Site "Hamilton CAN"]
[Date "2022.07.08"]
[Round "1.3"]
[White "Rusonik, Max"]
[Black "Lu, Eddie"]
[Result "1-0"]
[WhiteElo "2291"]
[BlackElo "1739"]
[PlyCount "53"]
[EventDate "2022.07.08"]
[EventType "swiss"]
[EventRounds "7"]
[EventCountry "CAN"]

1. e4 c5 2. Nf3 d6 3. d4 cxd4 4. Nxd4 Nf6 5. Nc3 g6 6. Be3 Bg7 7. f3 O-O 8. Qd2
Nc6 9. O-O-O d5 10. exd5 Nxd5 11. Nxc6 bxc6 12. Bd4 e5 13. Bc5 Re8 14. Ne4 Qc7
15. Bc4 Be6 16. g4 Rad8 17. Qf2 Nc3 18. Rxd8 Qxd8 19. Bxe6 Nxe4 20. Bxf7+ Kxf7
21. fxe4+ Kg8 22. Rf1 Qd7 23. g5 Rd8 24. b3 Qe6 25. Kb2 a6 26. a4 Rd7 27. Qe2
1-0

[Event "CYCC U16"]
[Site "Hamilton CAN"]
[Date "2022.07.08"]
[Round "1.4"]
[White "Zhang, Raymond Tangning"]
[Black "Chen, Max"]
[Result "0-1"]
[WhiteElo "1682"]
[BlackElo "2299"]
[PlyCount "128"]
[EventDate "2022.07.08"]
[EventType "swiss"]
[EventRounds "7"]
[EventCountry "CAN"]

1. d4 Nf6 2. Nf3 g6 3. c4 Bg7 4. Nc3 d5 5. Bf4 c6 6. e3 O-O 7. h3 Nbd7 8. Be2
dxc4 9. Bxc4 Nb6 10. Be2 Nbd5 11. Bh2 Nxc3 12. bxc3 Qa5 13. Qb3 Be6 14. Qb4
Qxb4 15. cxb4 Nd5 16. a3 a5 17. b5 cxb5 18. Bxb5 Nc3 19. Bd3 b5 20. Kd2 b4 21.
Rhc1 Rfc8 22. axb4 axb4 23. Rxa8 Rxa8 24. Rc2 Ra7 25. Rb2 Rb7 26. Ne1 Na4 27.
Rb1 b3 28. Nc2 b2 29. Na3 Rb3 30. Nb5 Bf5 31. Bxf5 gxf5 32. Nc7 Bf8 33. Kc2
Rc3+ 34. Kd2 e6 35. Rxb2 Rxc7 36. Rb8 Rd7 37. Be5 Nc5 38. h4 f6 39. Bf4 e5 40.
Bh6 Ne6 41. Ke2 exd4 42. exd4 Nxd4+ 43. Ke3 Ne6 44. Bxf8 Nxf8 45. Rb5 Re7+ 46.
Kf3 Ne6 47. Ra5 Kf7 48. g3 Kg6 49. Rd5 Rc7 50. Kg2 Rc2 51. h5+ Kg5 52. Rd7 h6
53. Rf7 Nc5 54. Rc7 Kxh5 55. Kh3 Kg6 56. Kg2 Nd3 57. Rxc2 Ne1+ 58. Kh3 Nxc2 59.
Kg2 f4 60. gxf4 Kf5 61. Kg3 Nd4 62. Kh4 Kxf4 63. Kh5 Kf3 64. Kxh6 Kxf2 0-1

[Event "CYCC U16"]
[Site "Hamilton CAN"]
[Date "2022.07.08"]
[Round "1.17"]
[White "Issani, Nameer"]
[Black "Gaisinsky, Jacob"]
[Result "1-0"]
[WhiteElo "2252"]
[BlackElo "1568"]
[PlyCount "73"]
[EventDate "2022.07.08"]
[EventType "swiss"]
[EventRounds "7"]
[EventCountry "CAN"]

1. d4 Nf6 2. c4 e6 3. Nc3 Bb4 4. e3 O-O 5. Nge2 d5 6. a3 Bxc3+ 7. Nxc3 b6 8.
cxd5 exd5 9. Bd3 Bb7 10. O-O Nbd7 11. b4 Rc8 12. Rb1 Re8 13. Ne2 Ne4 14. f3 Nd6
15. b5 c5 16. bxc6 Rxc6 17. Ng3 Nf6 18. Re1 Nc4 19. Rb3 Rce6 20. Rc3 b5 21. Qb3
Qb6 22. Rc2 Kh8 23. Rce2 a6 24. Kh1 R8e7 25. e4 Rc7 26. e5 Ne8 27. Bb2 Nxb2 28.
Qxb2 Rec6 29. Qb4 Kg8 30. Nf5 Re6 31. f4 Bc8 32. Ne3 Qc6 33. Bf5 Rh6 34. Rc2
Qb7 35. Bxc8 Qxc8 36. Nxd5 Rc4 37. Ne7+ 1-0

[Event "CYCC U16"]
[Site "Hamilton CAN"]
[Date "2022.07.08"]
[Round "1.18"]
[White "Cowan, Ryan"]
[Black "Huang, Youhe"]
[Result "0-1"]
[WhiteElo "1494"]
[BlackElo "2237"]
[PlyCount "90"]
[EventDate "2022.07.08"]
[EventType "swiss"]
[EventRounds "7"]
[EventCountry "CAN"]

1. e4 e6 2. d4 d5 3. exd5 exd5 4. c4 Nf6 5. Nc3 Bb4 6. a3 Bxc3+ 7. bxc3 O-O 8.
Nf3 c5 9. Bg5 Qa5 10. Bd2 Re8+ 11. Be2 Ne4 12. Qc2 Bf5 13. Be3 Ng3 14. Bd3 Bxd3
15. Qxd3 dxc4 16. Qxc4 Nxh1 17. Ne5 Qc7 18. Kf1 Nc6 19. Bf4 Nxe5 20. Bxe5 Qc6
21. Kg1 Nxf2 22. Kxf2 cxd4 23. Qxc6 bxc6 24. Bxd4 f6 25. Rb1 Rab8 26. Rb4 Rxb4
27. axb4 a6 28. Kf3 Kf7 29. h4 Re1 30. Kf2 Re4 31. g3 Ke6 32. Kf3 Kd5 33. g4
Rxd4 34. cxd4 Kxd4 35. Kf4 c5 36. bxc5 Kxc5 37. g5 fxg5+ 38. hxg5 a5 39. Ke5 a4
40. Ke6 h5 41. Kf7 h4 42. Kxg7 h3 43. Kf7 h2 44. g6 h1=Q 45. g7 Qh7 0-1

[Event "CYCC U16"]
[Site "Hamilton CAN"]
[Date "2022.07.08"]
[Round "1.19"]
[White "Joseph Benher, Savio"]
[Black "Yang, Allen"]
[Result "1-0"]
[WhiteElo "2207"]
[BlackElo "1469"]
[PlyCount "71"]
[EventDate "2022.07.08"]
[EventType "swiss"]
[EventRounds "7"]
[EventCountry "CAN"]

1. e4 c6 2. d4 d5 3. e5 c5 4. dxc5 e6 5. a3 Bxc5 6. Bd3 Ne7 7. Nf3 Nd7 8. b4
Bb6 9. O-O Ng6 10. Bb2 O-O 11. Nbd2 Bc7 12. Re1 Qe7 13. c4 dxc4 14. Bxc4 Rd8
15. Qc2 Nb6 16. Bb3 Nf4 17. Bd4 Nfd5 18. Ne4 h6 19. Qd2 Bd7 20. Nf6+ gxf6 21.
exf6 Qf8 22. Bc5 Bd6 23. Bxd6 Qxd6 24. Qxh6 Qf8 25. Qg5+ Kh8 26. Re4 Nxf6 27.
Qxf6+ Qg7 28. Qh4+ Qh7 29. Qf4 Bc6 30. Re3 Bxf3 31. Rxf3 Rd3 32. Qf6+ Kg8 33.
Qg5+ Kh8 34. Bc2 Rd5 35. Qf6+ Kg8 36. Bxh7+ 1-0

[Event "CYCC U16"]
[Site "Hamilton CAN"]
[Date "2022.07.08"]
[Round "1.20"]
[White "Lin, Ethan"]
[Black "Xu, Daniel"]
[Result "0-1"]
[WhiteElo "1464"]
[BlackElo "2128"]
[PlyCount "38"]
[EventDate "2022.07.08"]
[EventType "swiss"]
[EventRounds "7"]
[EventCountry "CAN"]

1. e4 c5 2. Nf3 d6 3. d4 cxd4 4. Nxd4 Nf6 5. Nc3 a6 6. Bg5 e6 7. Qd2 Be7 8.
O-O-O Qc7 9. f4 Nbd7 10. Be2 b5 11. a3 Bb7 12. Bf3 Nb6 13. Qe2 Rc8 14. e5 dxe5
15. fxe5 Nfd5 16. Bd2 Nxc3 17. Bxc3 Bxa3 18. bxa3 Qxc3 19. Bxb7 Nc4 0-1

[Event "CYCC U16"]
[Site "Hamilton CAN"]
[Date "2022.07.08"]
[Round "1.22"]
[White "Grosman, Zachary"]
[Black "Ajith, Aayush"]
[Result "0-1"]
[WhiteElo "1338"]
[BlackElo "2122"]
[PlyCount "72"]
[EventDate "2022.07.08"]
[EventType "swiss"]
[EventRounds "7"]
[EventCountry "CAN"]

1. d4 Nf6 2. c4 e6 3. Nf3 d5 4. Nc3 Be7 5. Bg5 Nbd7 6. e3 h6 7. Bh4 O-O 8. Bd3
b6 9. O-O Bb7 10. Qe2 Ne4 11. Bxe7 Qxe7 12. cxd5 exd5 13. Rac1 a6 14. Rfd1 f5
15. Nd2 Ndf6 16. f3 Nd6 17. Qe1 h5 18. Nf1 Qd7 19. h4 g6 20. Ne2 Rfe8 21. Nf4
Kf7 22. Qg3 Rg8 23. Rc2 Rac8 24. Rdc1 c6 25. a4 Qe7 26. a5 bxa5 27. Re1 Nb5 28.
e4 dxe4 29. Bc4+ Nd5 30. fxe4 fxe4 31. Rce2 Nd6 32. Nd2 Nf5 33. Nxe4 Nxg3 34.
Nxd5 Nxe2+ 35. Rxe2 cxd5 36. Ng3 Qxh4 0-1

[Event "CYCC U16"]
[Site "Hamilton CAN"]
[Date "2022.07.08"]
[Round "1.23"]
[White "Bui, Alan"]
[Black "Zhong, Victor"]
[Result "1-0"]
[WhiteElo "2097"]
[BlackElo "1141"]
[PlyCount "33"]
[EventDate "2022.07.08"]
[EventType "swiss"]
[EventRounds "7"]
[EventCountry "CAN"]

1. d4 d5 2. Nf3 Nf6 3. Bf4 e6 4. e3 Bd6 5. Ne5 O-O 6. Nd2 Nbd7 7. Bd3 Re8 8.
Qf3 c5 9. Nxf7 Kxf7 10. Bxd6 Qb6 11. dxc5 Nxc5 12. Bxc5 Qxc5 13. e4 Kg8 14. e5
Nd7 15. Bxh7+ Kh8 16. Qh5 Rf8 17. Bg6+ 1-0

[Event "CYCC U16"]
[Site "Hamilton CAN"]
[Date "2022.07.08"]
[Round "1.24"]
[White "Tuladhar, Jude"]
[Black "Batorshyn, Ilia"]
[Result "0-1"]
[WhiteElo "1055"]
[BlackElo "2063"]
[PlyCount "56"]
[EventDate "2022.07.08"]
[EventType "swiss"]
[EventRounds "7"]
[EventCountry "CAN"]

1. e4 c6 2. Nc3 d5 3. Nf3 dxe4 4. Nxe4 Nf6 5. Qe2 Nxe4 6. Qxe4 Nd7 7. Bc4 Nf6
8. Qd3 Qc7 9. O-O Bg4 10. b4 e6 11. b5 Be7 12. Ba3 Rd8 13. Qc3 O-O 14. Bxe7
Qxe7 15. bxc6 Ne4 16. Qe3 Bxf3 17. gxf3 Nxd2 18. Bd3 Nxf1 19. Rxf1 bxc6 20. Kg2
Rd5 21. f4 Qd6 22. h4 e5 23. fxe5 Qxe5 24. Qxa7 Qf4 25. Rh1 Rh5 26. Qb6 Rb8 27.
Qxc6 Qg4+ 28. Kf1 Rb1# 0-1

[Event "CYCC U16"]
[Site "Hamilton CAN"]
[Date "2022.07.08"]
[Round "1.25"]
[White "Liu, Henry"]
[Black "Sun, Michael"]
[Result "1-0"]
[WhiteElo "2051"]
[BlackElo "1043"]
[PlyCount "67"]
[EventDate "2022.07.08"]
[EventType "swiss"]
[EventRounds "7"]
[EventCountry "CAN"]

1. d4 c6 2. Nf3 d5 3. g3 Bf5 4. Bg2 e6 5. O-O Bd6 6. Nbd2 Nf6 7. b3 O-O 8. Bb2
Nbd7 9. Nh4 Be4 10. f3 Bg6 11. Nxg6 fxg6 12. e4 e5 13. c4 exd4 14. Bxd4 Bc5 15.
Bxc5 Nxc5 16. e5 Nfd7 17. Qe2 Qb6 18. Kh1 Rae8 19. f4 Qc7 20. cxd5 cxd5 21.
Bxd5+ Kh8 22. Rac1 Qb8 23. Ne4 Nxe4 24. Bxe4 b6 25. b4 Rf7 26. Bc6 g5 27. e6
gxf4 28. Bxd7 Rxd7 29. exd7 Qb7+ 30. Qf3 Qxd7 31. Qxf4 Qd5+ 32. Qf3 Qd8 33. Rc7
h6 34. Qf7 1-0

[Event "CYCC U16"]
[Site "Hamilton CAN"]
[Date "2022.07.08"]
[Round "1.26"]
[White "Trudeau, Charlie"]
[Black "Noor Ali, Aahil"]
[Result "0-1"]
[WhiteElo "926"]
[BlackElo "2025"]
[PlyCount "68"]
[EventDate "2022.07.08"]
[EventType "swiss"]
[EventRounds "7"]
[EventCountry "CAN"]

1. d4 Nf6 2. c4 e6 3. Nf3 b6 4. e3 Bb7 5. Nc3 Be7 6. Bd3 d6 7. e4 Nbd7 8. O-O
O-O 9. Re1 c5 10. d5 Re8 11. Bf4 e5 12. Bg5 Nf8 13. Nh4 Nxd5 14. exd5 Bxg5 15.
Nf5 g6 16. Ng3 f5 17. f3 Bc8 18. a3 a6 19. b4 Bh4 20. Re2 e4 21. fxe4 f4 22.
Nh1 Bg4 23. g3 Bf6 24. Qc2 Bd4+ 25. Rf2 fxg3 26. hxg3 Nd7 27. Kg2 Bxf2 28. Nxf2
Ne5 29. Nxg4 Nxg4 30. Qe2 Qg5 31. Kh3 Qh6+ 32. Kxg4 Qh5+ 33. Kf4 Rf8+ 34. Ke3
Qg5# 0-1

[Event "CYCC U16"]
[Site "Hamilton CAN"]
[Date "2022.07.08"]
[Round "1.27"]
[White "Zhu, Matthew"]
[Black "Zhang, William"]
[Result "1-0"]
[WhiteElo "2018"]
[BlackElo "678"]
[PlyCount "81"]
[EventDate "2022.07.08"]
[EventType "swiss"]
[EventRounds "7"]
[EventCountry "CAN"]

1. e4 d5 2. exd5 Nf6 3. d4 Nxd5 4. c4 Nf6 5. Nf3 Bg4 6. Be2 e6 7. O-O c6 8. Nc3
h6 9. h3 Bh5 10. Be3 Bd6 11. a3 a5 12. Ne5 Bxe5 13. Bxh5 Bc7 14. Bf3 Nbd7 15.
b4 Nb6 16. Qb3 a4 17. Qc2 O-O 18. Rfd1 Rc8 19. Rac1 Qe7 20. b5 cxb5 21. Nxb5
Bb8 22. d5 Nfd7 23. d6 Qf6 24. Bxb7 Rc5 25. Bxc5 Nxc5 26. Bf3 e5 27. Qb2 Qg5
28. Qd2 Qg6 29. Qe3 Nbd7 30. Bc6 f5 31. Bxd7 Nxd7 32. c5 f4 33. Qf3 h5 34. Qd5+
Kh8 35. Rc3 e4 36. Nd4 Nf6 37. Qf5 Qh6 38. Ne6 g6 39. Qxf4 g5 40. Qxg5 Qh7 41.
Nxf8 1-0

[Event "CYCC U16"]
[Site "Hamilton CAN"]
[Date "2022.07.08"]
[Round "2.17"]
[White "Batorshyn, Ilia"]
[Black "Rusonik, Max"]
[Result "1-0"]
[WhiteElo "2063"]
[BlackElo "2291"]
[PlyCount "73"]
[EventDate "2022.07.08"]
[EventType "swiss"]
[EventRounds "7"]
[EventCountry "CAN"]

1. Nf3 c5 2. c4 Nf6 3. Nc3 Nc6 4. g3 g6 5. Bg2 Bg7 6. O-O O-O 7. d4 d6 8. dxc5
dxc5 9. Be3 Nd7 10. Qc1 Nd4 11. Bh6 Nxf3+ 12. exf3 Ne5 13. Bxg7 Kxg7 14. Rd1
Qa5 15. b3 Nc6 16. Qb2 Nd4 17. Nd5 e5 18. Re1 f6 19. f4 exf4 20. b4 Qa4 21.
bxc5 Ne6 22. Rxe6 Bxe6 23. Nc7 Rae8 24. Nxe8+ Qxe8 25. Qxb7+ Rf7 26. Qb5 Qc8
27. Re1 Bh3 28. Bd5 Rc7 29. c6 Qf5 30. Qb8 Rc8 31. Qxa7+ Kh6 32. Qd4 g5 33. f3
Rb8 34. Be6 Qg6 35. Bxh3 Rb1 36. Rxb1 Qxb1+ 37. Bf1 1-0

[Event "CYCC U16"]
[Site "Hamilton CAN"]
[Date "2022.07.08"]
[Round "2.18"]
[White "Chen, Max"]
[Black "Liu, Henry"]
[Result "0-1"]
[WhiteElo "2299"]
[BlackElo "2051"]
[Annotator "hugh_"]
[PlyCount "105"]
[EventDate "2022.07.08"]
[EventType "swiss"]
[EventRounds "7"]
[EventCountry "CAN"]

1. e4 e6 2. d4 d5 3. Nd2 Nf6 4. e5 Nfd7 5. f4 c5 6. c3 Nc6 7. Ndf3 a6 8. Bd3 b5
9. Ne2 Nb6 10. O-O Qc7 11. g4 h5 12. gxh5 Rxh5 13. f5 exf5 14. Ng3 Rh8 15. Bxf5
Bxf5 16. Nxf5 g6 17. Ng3 O-O-O 18. Ng5 Rd7 19. Bf4 Qd8 20. Qg4 Kb7 21. e6 fxe6
22. Nxe6 Qc8 23. Qxg6 cxd4 24. cxd4 Bd6 25. Rac1 Bxf4 26. Rxf4 Rg8 27. Nc5+ Ka7
28. Qf6 Rh7 29. Rf2 Qh3 30. Rc3 Nb4 31. a3 Na2 32. Re3 Rgg7 33. Ne6 Rf7 34.
Qxf7+ Rxf7 35. Rxf7+ Kb8 36. Nf4 Qc8 37. Re2 Nc1 38. Re6 Na4 39. b3 Nxb3 40.
Nge2 Qg8+ 41. Kf2 Qxf7 42. Ke3 Na5 43. h4 Nc4+ 44. Kf3 Nab2 45. Kg4 Nd3 46. h5
Nxf4 47. Nxf4 Qg7+ 48. Kf5 Qh7+ 49. Kf6 Qh8+ 50. Kg5 Qd8+ 51. Kf5 Nd6+ 52. Kg4
Qd7 53. h6 {Time.} 0-1

[Event "CYCC U16"]
[Site "Hamilton CAN"]
[Date "2022.07.08"]
[Round "2.19"]
[White "Noor Ali, Aahil"]
[Black "Issani, Nameer"]
[Result "1/2-1/2"]
[WhiteElo "2025"]
[BlackElo "2252"]
[PlyCount "88"]
[EventDate "2022.07.08"]
[EventType "swiss"]
[EventRounds "7"]
[EventCountry "CAN"]

1. d4 Nf6 2. c4 e6 3. Nc3 Bb4 4. e3 O-O 5. Nge2 d5 6. a3 Be7 7. cxd5 exd5 8.
Nf4 c6 9. Bd3 Nbd7 10. O-O Re8 11. b4 Nf8 12. b5 Bd6 13. bxc6 bxc6 14. Na4 Qc7
15. h3 Bxf4 16. exf4 Ne6 17. Re1 Bd7 18. Re5 Nxd4 19. Bxh7+ Nxh7 20. Qxd4 Nf8
21. Nc5 Ng6 22. Re3 Rxe3 23. fxe3 Re8 24. e4 Bc8 25. exd5 Rd8 26. Bb2 f6 27. d6
Qxd6 28. Qxd6 Rxd6 29. Ne4 Re6 30. Re1 f5 31. Rd1 Rxe4 32. Rd8+ Kf7 33. Rxc8
Nxf4 34. Rxc6 Re1+ 35. Kh2 Re2 36. Rc7+ Ke6 37. Bxg7 Rxg2+ 38. Kh1 Ra2 39. Rxa7
Nxh3 40. Ra5 Re2 41. Bh6 Kf6 42. Ra8 Kg6 43. Rg8+ Kh7 44. Rg2 Re1+ 1/2-1/2

[Event "CYCC U16"]
[Site "Hamilton CAN"]
[Date "2022.07.08"]
[Round "2.20"]
[White "Huang, Youhe"]
[Black "Zhu, Matthew"]
[Result "1-0"]
[WhiteElo "2237"]
[BlackElo "2018"]
[PlyCount "123"]
[EventDate "2022.07.08"]
[EventType "swiss"]
[EventRounds "7"]
[EventCountry "CAN"]

1. d4 Nf6 2. Bf4 g6 3. Nf3 Bg7 4. e3 d6 5. c4 O-O 6. h3 c5 7. Be2 Qb6 8. Qb3
Qxb3 9. axb3 Nc6 10. Nc3 Bf5 11. O-O Rfd8 12. g4 Bd7 13. d5 Nb4 14. Rfd1 h5 15.
g5 Ne8 16. Kh2 a6 17. Rd2 b5 18. e4 Kf8 19. Ra5 Rab8 20. Bg3 Rb6 21. Nh4 e5 22.
Ra1 Nc7 23. f4 exf4 24. Bxf4 Re8 25. Bf3 Be5 26. Ng2 Rbb8 27. Kg3 Kg7 28. h4
Ra8 29. Ra5 Rab8 30. Be2 Rb6 31. Ne1 Rbb8 32. Bxe5+ Rxe5 33. Nf3 Ree8 34. e5
dxe5 35. Ne4 Bf5 36. Nd6 Red8 37. Nxf5+ gxf5 38. Nxe5 Ncxd5 39. cxd5 Rxd5 40.
Rxd5 Nxd5 41. Bf3 f4+ 42. Kf2 Nc7 43. Bxh5 Rh8 44. Bxf7 Rxh4 45. Kf3 Rh2 46.
Ra2 Rh4 47. g6 Rh2 48. Kxf4 Rf2+ 49. Kg5 Rf1 50. Nd3 Rg1+ 51. Kf5 c4 52. bxc4
bxc4 53. Ne5 Rf1+ 54. Kg4 Rd1 55. Nxc4 Kf6 56. Ra3 Kg7 57. Rh3 Nd5 58. Rh7+ Kf8
59. Bxd5 Rxd5 60. Ne3 Rd2 61. Nf5 Kg8 62. Nh6+ 1-0

[Event "CYCC U16"]
[Site "Hamilton CAN"]
[Date "2022.07.08"]
[Round "2.21"]
[White "Chen, Richard"]
[Black "Joseph Benher, Savio"]
[Result "1/2-1/2"]
[WhiteElo "1977"]
[BlackElo "2207"]
[PlyCount "107"]
[EventDate "2022.07.08"]
[EventType "swiss"]
[EventRounds "7"]
[EventCountry "CAN"]

1. e4 e6 2. d4 d5 3. Nc3 Bb4 4. e5 b6 5. Nf3 Qd7 6. a3 Bf8 7. Bg5 h6 8. Bh4 Be7
9. Bxe7 Nxe7 10. b4 O-O 11. Bd3 c6 12. O-O Ba6 13. Nh4 Bxd3 14. Qxd3 c5 15. f4
cxd4 16. Ne2 Nbc6 17. b5 Na5 18. Nxd4 f5 19. exf6 Rxf6 20. Rae1 Re8 21. f5 exf5
22. Ndxf5 Nxf5 23. Rxe8+ Qxe8 24. Qxd5+ Qe6 25. Nxf5 Qxd5 26. Ne7+ Kf7 27. Nxd5
Rxf1+ 28. Kxf1 Nc4 29. a4 Ke6 30. Nb4 Kd6 31. Nc6 a5 32. Ke2 Nb2 33. Nd4 Ke5
34. Nb3 Kd5 35. Ke3 Nxa4 36. Nd4 Kc4 37. Nf5 Nc3 38. Nxg7 a4 39. Kd2 Ne4+ 40.
Kc1 Kxb5 41. g4 Nf2 42. h3 Nxh3 43. Nf5 Ng5 44. Nxh6 Kc4 45. Kb2 b5 46. Nf5 b4
47. Ne3+ Kd4 48. Nd1 Ne4 49. g5 Nxg5 50. c3+ Kc4 51. cxb4 Kxb4 52. Nc3 a3+ 53.
Ka2 Ne6 54. Nb1 1/2-1/2

[Event "CYCC U16"]
[Site "Hamilton CAN"]
[Date "2022.07.08"]
[Round "2.22"]
[White "Xu, Daniel"]
[Black "He, Matthew"]
[Result "1-0"]
[WhiteElo "2128"]
[BlackElo "1945"]
[PlyCount "55"]
[EventDate "2022.07.08"]
[EventType "swiss"]
[EventRounds "7"]
[EventCountry "CAN"]

1. e4 c6 2. d4 d5 3. exd5 cxd5 4. c4 e6 5. Nc3 Nf6 6. Bg5 Bb4 7. cxd5 exd5 8.
Nf3 O-O 9. Be2 Qa5 10. O-O Ne4 11. Nxe4 dxe4 12. Ne5 Nd7 13. a3 Bd6 14. b4 Qc7
15. Rc1 Qb8 16. f4 exf3 17. Nxf3 h6 18. Bh4 g5 19. Nxg5 hxg5 20. Bxg5 Bxh2+ 21.
Kh1 Kg7 22. Bc4 Kg6 23. Qg4 Qg3 24. Qf5+ Kg7 25. Bxf7 Qd6 26. Be7 Qg3 27. Rf3
Qxf3 28. Qg6+ 1-0

[Event "CYCC U16"]
[Site "Hamilton CAN"]
[Date "2022.07.08"]
[Round "2.23"]
[White "Xu, Andrew"]
[Black "Windram, James"]
[Result "0-1"]
[WhiteElo "1939"]
[BlackElo "2149"]
[PlyCount "108"]
[EventDate "2022.07.08"]
[EventType "swiss"]
[EventRounds "7"]
[EventCountry "CAN"]

1. e4 c5 2. Nf3 d6 3. Bb5+ Nd7 4. c4 Ngf6 5. Nc3 g6 6. d4 cxd4 7. Nxd4 a6 8.
Bxd7+ Bxd7 9. b3 b5 10. cxb5 axb5 11. O-O b4 12. Nd5 Nxd5 13. exd5 Bg7 14. Bb2
O-O 15. Nc6 Bxc6 16. Bxg7 Kxg7 17. dxc6 Qb6 18. Re1 Ra7 19. Qd2 Rfa8 20. h3 Rb8
21. Rac1 Rc7 22. Re4 f6 23. Rcc4 Qa5 24. Rxb4 Rxb4 25. Rxb4 Rxc6 26. Rd4 Qc7
27. Qe2 Rc1+ 28. Rd1 Rc2 29. Rd2 Rc1+ 30. Kh2 Kf8 31. Qe3 Rb1 32. Rd3 Rb2 33.
Rc3 Qb8 34. a4 d5+ 35. Qg3 Qb6 36. Rf3 d4 37. Qf4 Kg7 38. Qe4 Qc7+ 39. g3 e5
40. g4 Ra2 41. Kg2 Ra1 42. g5 f5 43. Qd5 Qe7 44. h4 Rd1 45. b4 e4 46. Rc3 dxc3
47. Qxd1 Qc7 48. Qc2 Qc4 49. b5 Qd3 50. Qb3 c2 51. Qb2+ Kg8 52. b6 Qf3+ 53. Kg1
Qd1+ 54. Kg2 c1=Q 0-1

[Event "CYCC U16"]
[Site "Hamilton CAN"]
[Date "2022.07.08"]
[Round "2.24"]
[White "Ajith, Aayush"]
[Black "Wu, Benjamin"]
[Result "1/2-1/2"]
[WhiteElo "2122"]
[BlackElo "1870"]
[PlyCount "90"]
[EventDate "2022.07.08"]
[EventType "swiss"]
[EventRounds "7"]
[EventCountry "CAN"]

1. d4 Nf6 2. c4 e6 3. Nc3 Bb4 4. Qc2 b6 5. e4 Bxc3+ 6. bxc3 d6 7. Nf3 Nbd7 8.
Bd3 e5 9. O-O O-O 10. h3 Bb7 11. Be3 Re8 12. Nd2 Qe7 13. f3 c5 14. d5 Rf8 15.
a4 a5 16. Bg5 Ba6 17. Rfb1 Rab8 18. Nf1 h6 19. Bh4 g6 20. Ne3 Rfe8 21. g4 Nf8
22. Qf2 Bc8 23. Kf1 g5 24. Bg3 Ng6 25. Ke2 Nf4+ 26. Kd2 Bd7 27. Rh1 Kg7 28. Rh2
Rh8 29. h4 Rhg8 30. Rah1 Qd8 31. Bc2 Ne8 32. Nd1 f6 33. Nb2 Nc7 34. Kc1 Kf7 35.
Kb1 Qf8 36. Ka2 Ke8 37. Ka3 Kd8 38. Qe1 Kc8 39. h5 Qe7 40. Bf2 Kb7 41. Be3 Rbe8
42. Qf2 Na6 43. Rb1 Ka8 44. Bd3 Rb8 45. Bf1 Rgc8 1/2-1/2

[Event "CYCC U16"]
[Site "Hamilton CAN"]
[Date "2022.07.08"]
[Round "2.25"]
[White "Zaka, Mohid"]
[Black "Bui, Alan"]
[Result "0-1"]
[WhiteElo "1749"]
[BlackElo "2097"]
[PlyCount "48"]
[EventDate "2022.07.08"]
[EventType "swiss"]
[EventRounds "7"]
[EventCountry "CAN"]

1. d4 Nf6 2. e3 d5 3. Bd3 c5 4. c3 Nc6 5. Nd2 e5 6. dxe5 Nxe5 7. Bb5+ Bd7 8.
Bxd7+ Qxd7 9. Ngf3 Nd3+ 10. Kf1 Ng4 11. Qe2 Ndxf2 12. Rg1 Ne4 13. g3 Bd6 14.
Kg2 O-O 15. Ne1 Rae8 16. Nc2 f5 17. Nf3 Qe6 18. Rd1 Qg6 19. Nh4 Qh5 20. Rxd5 g5
21. Nf3 Nxh2 22. Qd1 Bxg3 23. Nce1 Nxf3 24. Nxf3 g4 0-1